As sanções nas contratações públicas : (Record no. 359)
[ view plain ]
| 000 -LÍDER | |
|---|---|
| Campo Fixo de Controle | 00960nam a2200253 a 4500 |
| 001 - NÚMERO DE CONTROLE | |
| Campo de Controle | 359 |
| 003 - IDENTIFICAÇÃO DO NÚMERO DE CONTROLE | |
| Campo de Controle | BR-CuiBMT |
| 005 - DATA E HORA DA ÚLTIMA ATUALIZAÇÃO | |
| Campo de Controle | 20231101222904.0 |
| 008 - DADOS FIXOS | |
| Dados Fixos | 231101s2021 mgb 000 0 por d |
| 020 ## - INTERNATIONAL STANDARD BOOK NUMBER | |
| Nº do ISBN | 9786555182002 |
| 040 ## - AGÊNCIA CATALOGADORA | |
| Código da Agência Catalogadora | BR-CuiBMT |
| Agência que transcreveu o registro | BR-CuiBMT |
| 080 ## - Nº DA CLASSIFICAÇÃO DECIMAL UNIVERSAL | |
| Nº edição CDU | 2007 |
| Nº Class. CDU | 35.077.3 |
| 090 ## - NÚMERO DE CHAMADA | |
| Nº classificação | 35.077.3 |
| Cutter | P276s |
| 100 1# - ENTRADA PRINCIPAL -- AUTOR PESSOAL | |
| Nome pessoal | Parziale, Aniello |
| 245 03 - TÍTULO PRINCIPAL | |
| Título principal | As sanções nas contratações públicas : |
| Subtítulo | as infrações, as penalidades e o processo administrativo sancionador / |
| Indicação de responsabilidade | Aniello Parziale ; Irene Patrícia Nohara, prefácio. |
| 260 ## - PUBLICAÇÃO, DISTRIBUIÇÃO, ETC. | |
| Local de publicação | Belo Horizonte : |
| Editora | Fórum, |
| Data | 2021. |
| 300 ## - DESCRIÇÃO FÍSICA | |
| N. páginas ou volumes | 304 p.: |
| Dimensões | 22 cm |
| 500 ## - NOTAS GERAIS | |
| Notas gerais | Atualizado de acordo com as Leis federais nº: 13.303/2016 (lei das estatais) , 13.869/19 (lei de abuso de autoridade) e 14.133/2021 (nova lei de licitações).<br/> |
| 504 ## - NOTA DE BIBLIOGRAFIA, ETC. | |
| Nota de bibliografia | Inclui biografia. |
| 650 ## - ASSUNTO TÓPICO | |
| Cabeçalho tópico ou nome geográfico | Sanção administrativa |
| 650 ## - ASSUNTO TÓPICO | |
| Cabeçalho tópico ou nome geográfico | Direito administrativo |
| 650 ## - ASSUNTO TÓPICO | |
| Cabeçalho tópico ou nome geográfico | Contratação pública |
| 942 ## - ELEMENTOS DE ENTRADA ADICIONAIS (KOHA) | |
| Fonte de classificação ou esquema de arquivamento | Classificação Decimal Universal |
| Tipo de item do Koha | Livros |
| Estado: removido | Estado: perdido | Fonte de classificação ou esquema de arquivamento | Estado: danificado | Indisponível para empréstimo | Localização permanente | Localização atual | Data de aquisição | Total Checkouts | Número de Chamada completo | Código de barras | Date last seen | Número do exemplar | Preço efetivo a partir de | Tipo de item (Koha) |
|---|---|---|---|---|---|---|---|---|---|---|---|---|---|---|
| Classificação Decimal Universal | Biblioteca da Escola Superior de Contas do TCE/MT | Biblioteca da Escola Superior de Contas do TCE/MT | 01/11/2023 | 35.077.3 P276s | BIBTCEMT23110044 | 01/11/2023 | Ex. 1 | 01/11/2023 | Livros | |||||
| Classificação Decimal Universal | Biblioteca da Escola Superior de Contas do TCE/MT | Biblioteca da Escola Superior de Contas do TCE/MT | 01/11/2023 | 35.077.3 P276s | BIBTCEMT23110046 | 01/11/2023 | Ex. 3 | 01/11/2023 | Livros | |||||
| Classificação Decimal Universal | Biblioteca da Escola Superior de Contas do TCE/MT | Biblioteca da Escola Superior de Contas do TCE/MT | 01/11/2023 | 35.077.3 P276s | BIBTCEMT23110045 | 01/11/2023 | Ex. 2 | 01/11/2023 | Livros | |||||
| Classificação Decimal Universal | Biblioteca da Escola Superior de Contas do TCE/MT | Biblioteca da Escola Superior de Contas do TCE/MT | 01/11/2023 | 35.077.3 P276s | BIBTCEMT23110047 | 01/11/2023 | Ex. 4 | 01/11/2023 | Livros |